| 000 | 00962nam a2200253 i 4500 | ||
|---|---|---|---|
| 001 | 99562 | ||
| 003 | ES-MaACL | ||
| 005 | 20250307123441.0 | ||
| 007 | t| | ||
| 008 | 050913s1964 sp ||||1| spa d | ||
| 100 | 1 |
_aMartínez Amador, Emilio M. _977852 |
|
| 245 | 1 | 0 |
_aDiccionario inglés-español [y español-inglés] / _cpor Emilio Martínez Amador. |
| 260 |
_aBarcelona : _bRamón Sopena, _c1964. |
||
| 300 |
_a2 v. ; _c22 cm. |
||
| 650 | 4 |
_aLengua inglesa- _vDiccionarios- _xEspañol. _914270 |
|
| 650 | 4 |
_aLengua española- _vDiccionarios- _xInglés. _914142 |
|
| 852 | 4 |
_aES-MaACL _jG-16101 _cDEPO2 _9103284 _bR.55091 _dOlim: A-5453 |
|
| 852 | 4 |
_aES-MaACL _jG-16102 _9103284 _bR.55092 _cDEPO2 _dOlim: A-5455 |
|
| 852 | 4 |
_aES-MaACL _jG-16104 _bR.55092 _cDEPO2 _dOlim: A-5456 _9201328 |
|
| 852 | 4 |
_aES-MaACL _jG-16105 _bR.55091 _cDEPO2 _dOlim: A-5454 _9201324 |
|
| 942 |
_2udc _cMONOGRAFIA _n0 |
||
| 999 |
_c99562 _d99562 |
||